Vplyv časového rozlíšenia nákladov a výnosov na výsledok hospodárenia podniku bakalárska práca

Na minha lista:
Detalhes bibliográficos
Autor principal: Valosová, Tímea
Autor Corporativo: Podnikovohospodárska fakulta EU so sídlom v Košiciach. Katedra finančného riadenia podniku
Outros Autores: Manová, Eva, 1957-
Formato: Livro
Idioma:eslovaco
Publicado em: Košice 2017
Tags: Adicionar Tag
Sem tags, seja o primeiro a adicionar uma tag!

MARC

LEADER 00000nbm a2200000 4500
001 0231587
005 20171113102940.9
041 0 |a slo 
044 |a SK 
245 1 0 |a Vplyv časového rozlíšenia nákladov a výnosov na výsledok hospodárenia podniku  |b bakalárska práca  |c Tímea Valosová ; školiteľ: Eva Manová 
264 1 |a Košice  |c 2017 
300 |a 50 s. 
100 1 |a Valosová, Tímea 
700 1 |a Manová, Eva, 1957- 
710 2 |a Podnikovohospodárska fakulta EU so sídlom v Košiciach. Katedra finančného riadenia podniku